Human Resources Management Policies and Practices in Kazakhstan/ (Record no. 616655)

000 -LEADER
fixed length control field 00524nam a22001697a 4500
020 ## - INTERNATIONAL STANDARD BOOK NUMBER
International Standard Book Number 9786010405196
082 ## - DEWEY DECIMAL CLASSIFICATION NUMBER
Classification number 658.3009584
Author Mark DOS
100 ## - MAIN ENTRY--PERSONAL NAME
Personal name Dossova, S. N, B.K.Kambarov
245 ## - TITLE STATEMENT
Title Human Resources Management Policies and Practices in Kazakhstan/
Statement of responsibility, etc. S. N,Dossova and B.K.Kambarov
260 ## - PUBLICATION, DISTRIBUTION, ETC.
Place of publication, distribution, etc. Almaty:
Name of publisher, distributor, etc. Kazakh university press;
Date of publication, distribution, etc. 2014.
300 ## - PHYSICAL DESCRIPTION
Extent 223p.
504 ## - BIBLIOGRAPHY, ETC. NOTE
Bibliography, etc. note Kazakh Language
563 ## - BINDING INFORMATION
Binding note PB
650 ## - SUBJECT ADDED ENTRY--TOPICAL TERM
Topical term or geographic name entry element Human resource management
650 ## - SUBJECT ADDED ENTRY--TOPICAL TERM
Topical term or geographic name entry element Personnel management
942 ## - ADDED ENTRY ELEMENTS (KOHA)
Source of classification or shelving scheme
Koha item type Book
650 ## - SUBJECT ADDED ENTRY--TOPICAL TERM
-- 64173
Holdings
Withdrawn status Lost status Source of classification or shelving scheme Materials specified (bound volume or other part) Damaged status Not for loan Permanent Location Current Location Date acquired Coded location qualifier Total Checkouts Full call number Barcode Date last seen Price effective from Koha item type Public note
      Satbayev Centre     Central Library (CL) Central Library (CL) 03/12/2026 Satbayev C   658.3009584 DOS CL-D-3242 03/12/2026 03/12/2026 Book Satbayev Centre
      Satbayev Centre     Central Library (CL) Central Library (CL) 03/12/2026 Satbayev C   658.3009584 DOS CL-D-3241 03/12/2026 03/12/2026 Book Satbayev Centre
      Satbayev Centre     Central Library (CL) Central Library (CL) 03/12/2026 Satbayev C   658.3009584 DOS CL-D-3240 03/12/2026 03/12/2026 Book Satbayev Centre
      Satbayev Centre     Central Library (CL) Central Library (CL) 03/12/2026 Satbayev C   658.3009584 DOS CL-D-3239 03/12/2026 03/12/2026 Book Satbayev Centre
      Satbayev Centre     Central Library (CL) Central Library (CL) 03/12/2026 Satbayev C   658.3009584 DOS CL-D-3238 03/12/2026 03/12/2026 Book Satbayev Centre
© 2023 Central Library, National University of Sciences and Technology. All Rights Reserved.